00432 2200169 4500001002100000005001700021008004100038035002500079041000700104082001100111090001700122100001900139245002500158260005400183300001600237990000900253INLIS0000000000004100:yyyyMMddHHmmss180719||||||||| | ||| |||| || |  a0010-031300000000410 aid0 a297.54 a297.54 THA b0 aAzyumardi Azra00aBerderma Untuk Semua aJakartabKompetensi Terapan Sinergi Pustakac2003 axl, 337 hal a0334